Statistics for Beyoncé Movies

Click here to take the quiz!

General Stats

  • This quiz has been taken 156 times
  • The average score is 4 of 7

Answer Stats

YearCharacterTitle% Correct
2006Deena JonesDreamgirls
95%
2009SharonObsessed
75%
2008Etta JamesCadillac Records
73%
2002Foxxy CleopatraAustin Powers in Goldmember
64%
2006XaniaThe Pink Panther
55%
2003LillyThe Fighting Temptations
52%
1999Girl #1Beverly Hood
8%

Score Distribution

Percentile by Number Answered

Percent of People with Each Score

Your Score History

You have not taken this quiz